LEADER 00782nam0-22002891i-450- 001 990003735120403321 005 20001010 010 $a8815072101 035 $a000373512 035 $aFED01000373512 035 $a(Aleph)000373512FED01 035 $a000373512 100 $a20000920d1982----km-y0itay50------ba 101 0 $aita 105 $ay-------001yy 200 1 $a<>nobiltà europee dal XV al XVII secolo$fJ. P. Labatut 210 $aBologna$cil Mulino$d1982 215 $a224p.$d20cm 700 1$aLabatut,$bJean-Pierre$0183059 801 0$aIT$bUNINA$gRICA$2UNIMARC 901 $aBK 912 $a990003735120403321 952 $aN05.719$b7942$fDECTS 959 $aDECTS 996 $aNobiltà europee dal XV al XVII secolo$9508941 997 $aUNINA DB $aING01